Normal view
MARC view
- Farooqui, Saeed
Entry Personal Name
001 - CONTROL NUMBER
- control field: 118577
003 - CONTROL NUMBER IDENTIFIER
- control field: NUST
005 - DATE AND TIME OF LATEST TRANSACTION
- control field: 20231031162826.0
008 - FIXED-LENGTH DATA ELEMENTS
- fixed length control field: 231031|| aca||aabn | a|a d
040 ## - CATALOGING SOURCE
- Original cataloging agency: NUST
- Transcribing agency: NUST
100 ## - HEADING--PERSONAL NAME
- Personal name: Farooqui, Saeed
670 ## - SOURCE DATA FOUND
- Source citation: Work cat.: (NUST): Farooqui, Saeed, Aircraft Propulsion/, 2014.
